000 00957nam a22002297a 4500
999 _c59815
_d59815
003 Ge_BSU
005 20230424120310.0
008 230424s2017 enk||||| |||| 00| 0 eng d
020 _a9781462527915x
041 _aeng
080 _a37+159 H-22
245 _aHandbook of Social and Emotional Learning :
_bResearch and Practice /
_cEdited by Joseph A. Durlak, Celene E. Domitrovich, Roger P. Weissberg, Thomas P. Gullotta and other.
264 _aNew York
_bThe Guilford Press,
_c2015.
300 _a141 p.;
_b25 cm.
653 _aსოციალური სწავლება
653 _aემოციური სწავლება
700 _aDurlak,Joseph A.
_eრედაქტორი
_917747
700 _a Domitrovich, Celene
_eრედაქტორი
_917748
700 _aWeissberg, Roger P.
_eრედაქტორი
_917749
700 _aGullotta, Thomas P.
_eრედაქტორი
_917750
942 _2udc
_cBK